书目信息 |
| 题名: |
生活中的行为心理学
|
|
| 作者: | 周淑华 著 | |
| 分册: | ||
| 出版信息: | 北京 民主与建设出版社 2017 |
|
| 页数: | 303页 | |
| 开本: | 24cm | |
| 丛书名: | ||
| 单 册: | ||
| 中图分类: | B84-063 , B84 | |
| 科图分类: | ||
| 主题词: | 行为主义--心理学 | |
| 电子资源: | ||
| ISBN: | 978-7-5139-1457-4 | |
| 000 | 00782nam0 2200229 450 | |
| 001 | 2340129427 | |
| 005 | 20231128204428.16 | |
| 010 | @a978-7-5139-1457-4@dCNY39.80 | |
| 100 | @a20181129d2017 em y0chiy50 ea | |
| 101 | 0 | @achi |
| 102 | @aCN@b110000 | |
| 105 | @ay z 000yy | |
| 200 | 1 | @a生活中的行为心理学@Asheng huo zhong de xing wei xin li xue@f周淑华著 |
| 210 | @a北京@c民主与建设出版社@d2017 | |
| 215 | @a303页@d24cm | |
| 330 | @a本书从自我修炼、人际关系、幸福人生等方面入手,列举了生活中方方面面的心理现象及心理问题,并对这些现象和问题进行了深入解析,是读者学习心理学、构建美好生活的好助手。 | |
| 606 | 0 | @a行为主义@x心理学 |
| 690 | @aB84-063@v5 | |
| 690 | @aB84@v4 | |
| 701 | 0 | @a周淑华@Azhou shu hua@4著 |
| 801 | 0 | @aCN@b91MARC@c20181129 |
| 905 | @aZUCC@dB84@e214 | |
| 生活中的行为心理学/周淑华著.-北京:民主与建设出版社,2017 |
| 303页;24cm |
| ISBN 978-7-5139-1457-4:CNY39.80 |
| 本书从自我修炼、人际关系、幸福人生等方面入手,列举了生活中方方面面的心理现象及心理问题,并对这些现象和问题进行了深入解析,是读者学习心理学、构建美好生活的好助手。 |
| ● |
| 相关链接 |
|
|
|
正题名:生活中的行为心理学
索取号:B84/214
 
预约/预借
| 序号 | 登录号 | 条形码 | 馆藏地/架位号 | 状态 | 备注 |
| 1 | 2001024283 | 2001024283 | 辽宁一、悦读混合/辽宁北配(第三批)/辽批104/ [索取号:B84/214] | 在馆 | |
| 2 | 2001024284 | 2001024284 | 辽宁一、悦读混合/辽宁北配(第三批)/辽批104/ [索取号:B84/214] | 在馆 | |
| 3 | 2001024285 | 2001024285 | 辽宁一、悦读混合/辽宁北配(第三批)/辽批104/ [索取号:B84/214] | 在馆 | |
| 4 | 2001024286 | 2001024286 | 辽宁一、悦读混合/辽宁北配(第三批)/辽批104/ [索取号:B84/214] | 在馆 | |
| 5 | 2001024287 | 2001024287 | 辽宁一、悦读混合/辽宁北配(第三批)/辽批104/ [索取号:B84/214] | 在馆 | |
| 6 | 2001024288 | 2001024288 | 辽宁一、悦读混合/辽宁北配(第三批)/辽批104/ [索取号:B84/214] | 在馆 |